| 000 | 01240nam a2200313 i 4500 | ||
|---|---|---|---|
| 005 | 20220317000103.0 | ||
| 008 | 141031s2006 mx ao gs 000 0 spa d | ||
| 020 | _a9682472342 | ||
| 040 |
_aCO-BoRNBP _bspa _cCO-BoRNBP _erda |
||
| 041 | 1 | _heng | |
| 082 | 0 | 4 |
_a155.418 _bH83j |
| 100 | 1 |
_aHughes, Fergus P. _d1947- _eautor |
|
| 245 | 1 | 3 |
_aEl juego : su importancia en el desarrollo psicológico del niño y el adolescente _cFergus P. Hughes ; traducido por Elizabeth Hahn |
| 250 | _aPrimera edición | ||
| 264 | 1 |
_aMéxico _bTrillas _c2006 |
|
| 300 |
_a301 páginas _bilustraciones, diagramas y fotografías en blanco y negro _c23 cm |
||
| 336 |
_atexto _btxt _2rdacontent |
||
| 337 |
_asin mediación _bn _2rdamedia |
||
| 338 |
_avolumen _bnc _2rdacarrier |
||
| 500 | _aIncluye índice y glosario | ||
| 504 | _aIncluye regerencias bibliográficas | ||
| 534 | _tchildren, play and developement | ||
| 650 | 1 | 4 |
_aAdolescencia _vEnsayos, conferencias, etc. _2LEMB |
| 650 | 1 | 4 |
_aDesarrollo infantil _vEnsayos, conferencias, etc. _2LEMB |
| 650 | 1 | 4 |
_aPsicología infantil _vEnsayos, conferencias, etc. _2LEMB |
| 650 | 1 | 4 |
_aJuegos infantiles _vEnsayos, conferencias, etc. _2LEMB |
| 700 | 1 |
_aHahn, Elizabeth, _etraductora _916137 |
|
| 942 |
_2ddc _cBK |
||
| 999 |
_c3078 _d3078 |
||